[Event "18.int.Seniorenturnier Bad Woerishofen"]
[Site "Veranstalter: chessorg"]
[Date "2002.03.11"]
[Round "5"]
[White "Thonig, Manfred"]
[Black "Pukropski, Walter"]
[Result "0-1"]
[WhiteElo "1603"]
[BlackElo "1731"]
[PlyCount "76"]
[EventDate "2002.03.??"]

1. f4 Nf6 2. b3 Nc6 3. Bb2 d5 4. Nf3 e6 5. e3 Bd6 6. Bb5 Bd7 7. Bxc6 Bxc6 8.
Ne5 O-O 9. Nxc6 bxc6 10. d3 Qe7 11. O-O e5 12. fxe5 Bxe5 13. d4 Bd6 14. Rf3 Ng4
15. Qd3 Bxh2+ 16. Kf1 Qh4 17. Qe2 Bg3 18. Qd1 Nh2+ 19. Ke2 Qg4 20. Nd2 Rfe8 21.
Kd3 Qg6+ 22. Kc3 c5 23. Nf1 cxd4+ 24. exd4 Nxf3 25. Qxf3 Bd6 26. Qxd5 Rad8 27.
Qf3 c5 28. Kd2 Be7 29. Re1 Bg5+ 30. Kd1 Rxe1+ 31. Kxe1 Qxc2 32. Qe2 Qb1+ 33.
Kf2 Qxa2 34. d5 Qxb3 35. d6 Qd5 36. Be5 Re8 37. d7 Rxe5 38. Qb5 Qd4+ 0-1

[Event "18.int.Seniorenturnier Bad Woerishofen"]
[Site "Veranstalter: chessorg"]
[Date "2002.03.11"]
[Round "5"]
[White "Tochtermann, Georg_Dr"]
[Black "Eisenhuth, Mathias"]
[Result "1/2-1/2"]
[WhiteElo "1828"]
[BlackElo "1695"]
[PlyCount "94"]
[EventDate "2002.03.??"]

1. e4 d5 2. exd5 Qxd5 3. Nc3 Qa5 4. Bc4 Bf5 5. Nge2 c6 6. d3 e6 7. O-O Bd6 8.
Ng3 Bg6 9. Nce4 Qc7 10. Nxd6+ Qxd6 11. Bd2 Nd7 12. Bc3 Ngf6 13. b4 b5 14. Bb3
O-O 15. a3 Rfd8 16. Qe2 Nd5 17. Bb2 a5 18. Ne4 Qc7 19. c4 bxc4 20. dxc4 Nf4 21.
Qe3 axb4 22. axb4 Nh5 23. c5 Bxe4 24. Qxe4 Nhf6 25. Qd4 Nf8 26. Qc3 Qf4 27. g3
Qh6 28. Qf3 Nd5 29. Rxa8 Rxa8 30. b5 cxb5 31. Bxd5 exd5 32. Qxd5 Rc8 33. Bd4
Qc6 34. Qxc6 Rxc6 35. Rb1 Ne6 36. Be3 Nc7 37. Rd1 Kf8 38. Bf4 Ne6 39. Bd6+ Ke8
40. Rc1 Kd7 41. f4 f5 42. Kf2 b4 43. Rb1 Nxc5 44. Bxc5 Rxc5 45. Rxb4 Rc2+ 46.
Kf3 Kc6 47. Rb8 Rxh2 1/2-1/2

[Event "18.int.Seniorenturnier Bad Woerishofen"]
[Site "Veranstalter: chessorg"]
[Date "2002.03.11"]
[Round "5"]
[White "Turboust, Roger"]
[Black "Hoeppner, Hans_18Nog"]
[Result "1-0"]
[WhiteElo "1752"]
[BlackElo "1599"]
[PlyCount "65"]
[EventDate "2002.03.??"]

1. e4 e6 2. d4 Ne7 3. c4 Ng6 4. Nc3 d6 5. g3 e5 6. d5 Be7 7. Bg2 O-O 8. Nge2
Bd7 9. O-O Qc8 10. f4 exf4 11. Nxf4 Nxf4 12. Bxf4 Bh3 13. Qe2 Bxg2 14. Kxg2 Bf6
15. Rad1 Bxc3 16. bxc3 f6 17. Rf2 Nd7 18. Rdf1 b6 19. Qh5 Qa6 20. Qg4 Rf7 21.
Qe2 Re8 22. Re1 Rfe7 23. Qg4 Qxc4 24. Bd2 Nc5 25. Rxf6 Qd3 26. Bh6 Qxc3 27.
Ref1 Qc2+ 28. Kh3 Qxe4 29. R6f4 Qxd5 30. Rf5 Qc6 31. Qc4+ Re6 32. Bxg7 Kxg7 33.
Qg4+ 1-0

[Event "18.int.Seniorenturnier Bad Woerishofen"]
[Site "Veranstalter: chessorg"]
[Date "2002.03.11"]
[Round "5"]
[White "Weber, Siegfried_27Fech"]
[Black "Scheidt, Eugen"]
[Result "1/2-1/2"]
[WhiteElo "1571"]
[BlackElo "1790"]
[PlyCount "38"]
[EventDate "2002.03.??"]

1. e4 c5 2. Nf3 d6 3. d4 cxd4 4. Nxd4 Nf6 5. Nc3 a6 6. Be2 e6 7. Be3 Be7 8. Qd2
Bd7 9. f4 Nc6 10. O-O O-O 11. Rac1 Qc7 12. Nb3 b5 13. a3 Rac8 14. Bf3 Be8 15.
Qf2 Nd7 16. Ne2 Na5 17. Nxa5 Qxa5 18. c3 Qc7 19. Rfd1 Nc5 1/2-1/2

[Event "18.int.Seniorenturnier Bad Woerishofen"]
[Site "Veranstalter: chessorg"]
[Date "2002.03.11"]
[Round "5"]
[White "Wohlfart, Karl_Heinz"]
[Black "Malik, Rosemarie"]
[Result "1-0"]
[WhiteElo "1699"]
[BlackElo "1293"]
[PlyCount "107"]
[EventDate "2002.03.??"]

1. Nf3 d5 2. g3 Nf6 3. Bg2 c5 4. O-O Nc6 5. d3 e6 6. Nbd2 Be7 7. e4 dxe4 8.
dxe4 O-O 9. Re1 e5 10. c3 Be6 11. Qe2 b6 12. Nf1 Qc7 13. Bg5 Rad8 14. h3 h6 15.
Bxf6 Bxf6 16. Ne3 Rd6 17. Red1 Rfd8 18. Rxd6 Rxd6 19. Nh2 Qd8 20. Qb5 Qc8 21.
Nd5 Bxd5 22. exd5 Ne7 23. Rd1 Qd8 24. Qc4 h5 25. h4 g6 26. Nf1 Bg7 27. a4 Kf8
28. Ne3 Bh6 29. Qe4 Bg7 30. Qf3 Kg8 31. Nc4 Rf6 32. Qe2 Nc8 33. Nxe5 Nd6 34.
Nc6 Qd7 35. Re1 a5 36. Qa6 Qb7 37. Qe2 Bf8 38. Bh3 Kg7 39. Qd3 Qc7 40. Ne5 Qe7
41. Re2 Qb7 42. Nd7 Rf5 43. Bxf5 Nxf5 44. Nxf8 Kxf8 45. d6 Qd7 46. Rd2 Kg7 47.
b3 Kf6 48. Qd5 Kg7 49. Kh2 Kf8 50. Qe5 Ng7 51. Qf6 Kg8 52. Qe7 Qxe7 53. dxe7
Kh7 54. Rd8 1-0

[Event "18.int.Seniorenturnier Bad Woerishofen"]
[Site "Veranstalter: chessorg"]
[Date "2002.03.11"]
[Round "5"]
[White "Wolf, Margot"]
[Black "Maassen, Hermann"]
[Result "0-1"]
[WhiteElo "1221"]
[BlackElo "1701"]
[PlyCount "74"]
[EventDate "2002.03.??"]

1. d4 Nf6 2. Nf3 e6 3. Bf4 Nc6 4. h3 b6 5. e3 Bb7 6. c3 Be7 7. Bd3 d6 8. O-O
O-O 9. Qc2 h6 10. Nbd2 Qd7 11. e4 Rad8 12. e5 dxe5 13. Nxe5 Nxe5 14. Bxe5 Ne8
15. Be4 c6 16. Rfe1 f6 17. Bg3 f5 18. Bd3 c5 19. Nf3 Bxf3 20. gxf3 cxd4 21.
cxd4 f4 22. Bh2 Nc7 23. Qd2 Qxd4 24. Rac1 Bc5 25. Rc3 Qf6 26. Qc2 Bb4 27. Rxc7
Bxe1 28. Rxa7 Qd4 29. Be4 Qd2 30. Kg2 Qxc2 31. Bxc2 Rd2 32. Bb3 Rxf2+ 33. Kg1
Rf6 34. Re7 Rg6+ 35. Kh1 Rf1+ 36. Bg1 Rfxg1+ 37. Kh2 R6g2# 0-1

[Event "18.int.Seniorenturnier Bad Woerishofen"]
[Site "Veranstalter: chessorg"]
[Date "2002.03.11"]
[Round "5"]
[White "Wolffram, Gert"]
[Black "Brehme, Helmut"]
[Result "1-0"]
[WhiteElo "1817"]
[BlackElo "1597"]
[PlyCount "81"]
[EventDate "2002.03.??"]

1. d4 d5 2. Nf3 Bf5 3. c3 c6 4. Bf4 Nd7 5. e3 e6 6. Bd3 Bxd3 7. Qxd3 Ngf6 8.
Nbd2 Nb6 9. e4 h6 10. O-O Be7 11. b4 O-O 12. e5 Nh7 13. h3 Qd7 14. a4 Rae8 15.
a5 Na8 16. Rae1 Nc7 17. Qe3 Nb5 18. Bg3 Na3 19. Qd3 Nb5 20. Nh2 f6 21. exf6
Nxf6 22. Nhf3 Bd6 23. Ne5 Bxe5 24. Bxe5 Nc7 25. Re3 Rf7 26. Qg6 Qe7 27. Rfe1
Nb5 28. Rg3 Kh8 29. Ree3 Nd7 30. Qxh6+ Kg8 31. Qg6 Nxe5 32. Rxe5 Nc7 33. Rh5
Rf6 34. Qh7+ Kf7 35. Nf3 Rf8 36. Ne5+ Ke8 37. Ng6 Qf7 38. Nxf8 Qxf8 39. Qh8
Rxf2 40. Qxf8+ Rxf8 41. Re3 1-0

[Event "18.int.Seniorenturnier Bad Woerishofen"]
[Site "Veranstalter: chessorg"]
[Date "2002.03.12"]
[Round "6"]
[White "Alefs, Heinz"]
[Black "Narr, Irmgard"]
[Result "1/2-1/2"]
[WhiteElo "1667"]
[BlackElo "1290"]
[PlyCount "116"]
[EventDate "2002.03.??"]

1. e4 e6 2. Nf3 d5 3. exd5 exd5 4. d4 Nf6 5. Bg5 Be7 6. h3 O-O 7. Bd3 Re8 8.
O-O Be6 9. Nbd2 h6 10. Bf4 c5 11. dxc5 Bxc5 12. Nb3 Bb6 13. Re1 Nc6 14. Qd2 Ne4
15. Bxe4 dxe4 16. Qxd8 Raxd8 17. Rxe4 Ne7 18. Rae1 Nf5 19. g4 Nd6 20. Bxd6 Rxd6
21. Nfd4 Bxd4 22. Nxd4 g6 23. Nb5 Rd2 24. Nd4 Rf8 25. Nxe6 fxe6 26. R4e2 Rxe2
27. Rxe2 Kf7 28. Rd2 Kf6 29. Rd7 Rc8 30. c3 Rb8 31. Kg2 a5 32. Kf3 b6 33. Ke4
Kg5 34. Rd6 Kf6 35. f4 Ke7 36. Ke5 b5 37. Rxe6+ Kf7 38. Rd6 Re8+ 39. Kd5 Re2
40. b3 Rxa2 41. Rb6 Rc2 42. c4 bxc4 43. bxc4 Rc3 44. Ra6 Rxh3 45. c5 Rd3+ 46.
Kc4 Rf3 47. f5 gxf5 48. gxf5 Rxf5 49. Rxh6 Ke7 50. Rd6 a4 51. Ra6 Kd7 52. Kb5
Kc7 53. Ra7+ Kb8 54. Rxa4 Kb7 55. Rh4 Rf7 56. c6+ Kc7 57. Rh5 Re7 58. Kc5 Rf7
1/2-1/2

[Event "18.int.Seniorenturnier Bad Woerishofen"]
[Site "Veranstalter: chessorg"]
[Date "2002.03.12"]
[Round "6"]
[White "Alicke, Manfred"]
[Black "Kaiser, Hans_35BGladb"]
[Result "1/2-1/2"]
[WhiteElo "1571"]
[BlackElo "1619"]
[PlyCount "37"]
[EventDate "2002.03.??"]

1. d4 c5 2. Nf3 cxd4 3. Nxd4 e5 4. Nb3 d5 5. a3 Nf6 6. Bg5 Be7 7. h3 O-O 8.
N1d2 Nc6 9. e3 h6 10. Bh4 Bf5 11. Be2 Rc8 12. Rc1 d4 13. exd4 Nxd4 14. Nxd4
Qxd4 15. Bxf6 Bxf6 16. c3 Qb6 17. Qb3 Qc6 18. O-O Bg5 19. Rcd1 1/2-1/2

[Event "18.int.Seniorenturnier Bad Woerishofen"]
[Site "Veranstalter: chessorg"]
[Date "2002.03.12"]
[Round "6"]
[White "Auf'm_Wasser, Guenter"]
[Black "Zacharias, Helmut"]
[Result "1-0"]
[WhiteElo "1588"]
[BlackElo "1435"]
[PlyCount "53"]
[EventDate "2002.03.??"]

1. e4 c5 2. b4 e6 3. Bb2 d5 4. bxc5 dxe4 5. Bb5+ Nc6 6. Ne2 a6 7. Bxc6+ bxc6 8.
Ng3 Qd5 9. O-O Rb8 10. Qc1 f5 11. Nc3 Qxc5 12. Rb1 Rb7 13. Rd1 Nf6 14. d4 exd3
15. Rxd3 Be7 16. Nce2 Qa7 17. Bd4 Bc5 18. Rxb7 Bxb7 19. Qe3 Ne4 20. Nxe4 Bxd4
21. Nd6+ Kd7 22. Nxd4 Kxd6 23. Nb5+ Ke7 24. Nxa7 Ba8 25. Qc5+ Kf6 26. Nxc6 Kg6
27. Rg3+ 1-0

[Event "18.int.Seniorenturnier Bad Woerishofen"]
[Site "Veranstalter: chessorg"]
[Date "2002.03.12"]
[Round "6"]
[White "Barlo, Werner"]
[Black "Fleckner, Hans"]
[Result "1/2-1/2"]
[WhiteElo "1736"]
[BlackElo "1790"]
[PlyCount "45"]
[EventDate "2002.03.??"]

1. d4 Nf6 2. Nf3 e6 3. c4 d5 4. Nc3 c6 5. cxd5 exd5 6. Bg5 Be7 7. e3 Bg4 8. Be2
Nbd7 9. h3 Bh5 10. O-O O-O 11. Bh4 Ne4 12. Bxe7 Qxe7 13. Nxe4 dxe4 14. Nd2 Bg6
15. Qb3 Nb6 16. a4 Kh8 17. a5 Nd5 18. Nc4 f6 19. Qa3 Qxa3 20. Rxa3 Rfd8 21. Rb1
Rab8 22. b4 a6 23. Rb2 1/2-1/2

[Event "18.int.Seniorenturnier Bad Woerishofen"]
[Site "Veranstalter: chessorg"]
[Date "2002.03.12"]
[Round "6"]
[White "Block, Herbert"]
[Black "Gruebling, Karl_Heinz"]
[Result "1-0"]
[WhiteElo "1485"]
[BlackElo "1572"]
[PlyCount "59"]
[EventDate "2002.03.??"]

1. c4 e6 2. Nc3 d5 3. cxd5 exd5 4. d4 Nf6 5. Nf3 c6 6. g3 Bf5 7. Bg2 Be7 8. O-O
Nbd7 9. a3 O-O 10. Nh4 Be6 11. f4 Bg4 12. Nf3 Bxf3 13. Bxf3 Re8 14. Qd3 Bf8 15.
Qf5 c5 16. dxc5 Bxc5+ 17. Kg2 Nb6 18. Re1 d4 19. Qxc5 dxc3 20. Qxc3 Nfd5 21.
Qd3 Rc8 22. Bxd5 Nxd5 23. Bd2 Rc6 24. Qb3 Nb6 25. Rad1 Rd6 26. Ba5 Rxd1 27.
Rxd1 Rxe2+ 28. Kf1 Qe8 29. Qd3 Re3 30. Qxe3 1-0

[Event "18.int.Seniorenturnier Bad Woerishofen"]
[Site "Veranstalter: chessorg"]
[Date "2002.03.12"]
[Round "6"]
[White "Brehme, Helmut"]
[Black "Baur, Theo"]
[Result "0-1"]
[WhiteElo "1597"]
[BlackElo "1499"]
[PlyCount "125"]
[EventDate "2002.03.??"]

1. f4 b6 2. Nf3 Bb7 3. d4 e6 4. e3 Nf6 5. c3 Be7 6. Bd3 d5 7. O-O h6 8. Nbd2 a5
9. Ne5 O-O 10. b3 Nbd7 11. Bb2 Nxe5 12. fxe5 Ne4 13. Rc1 Bg5 14. Qe2 c5 15. Nf3
Be7 16. Rce1 Ng5 17. Bb1 Ba6 18. Bd3 c4 19. bxc4 dxc4 20. Bxc4 Bxc4 21. Qxc4
Nxf3+ 22. Rxf3 Rc8 23. Qb3 Rb8 24. a3 b5 25. Qc2 b4 26. axb4 axb4 27. cxb4 Bxb4
28. Ref1 Qe7 29. Qe4 Bd2 30. Bc1 Bxc1 31. Rxc1 Qa3 32. Rcf1 Rb2 33. h4 Qa2 34.
Rg3 Qd5 35. Qf4 Kh7 36. h5 Rb7 37. Qg4 Rg8 38. Rxf7 Rxf7 39. Qg6+ Kh8 40. Qxf7
Qb3 41. Kh2 Qd1 42. Rf3 Qb3 43. e4 Qc4 44. Qd7 Qe2 45. Qxe6 Qxe4 46. d5 Qh4+
47. Qh3 Qe4 48. Qe6 Qh4+ 49. Qh3 Qe4 50. Qf5 Qxd5 51. e6 Qd6+ 52. Kh3 Re8 53.
Re3 Qe7 54. Qf7 Qd8 55. e7 Qd7+ 56. g4 Kh7 57. Qf5+ Qxf5 58. gxf5 Kg8 59. Rg3
Kf7 60. Re3 Kf6 61. Kg4 Rxe7 62. Rxe7 Kxe7 63. Kf4 0-1

[Event "18.int.Seniorenturnier Bad Woerishofen"]
[Site "Veranstalter: chessorg"]
[Date "2002.03.12"]
[Round "6"]
[White "Diete, Guenter"]
[Black "Bareth, Walter"]
[Result "0-1"]
[WhiteElo "1744"]
[BlackElo "1846"]
[PlyCount "114"]
[EventDate "2002.03.??"]

1. e4 e6 2. d4 d5 3. e5 c5 4. Nf3 Nc6 5. c3 Qb6 6. Bd3 Bd7 7. Bc2 Nh6 8. O-O
Nf5 9. Bxf5 exf5 10. Re1 Be6 11. a4 Be7 12. Re2 c4 13. b4 cxb3 14. Rb2 Na5 15.
Nfd2 O-O 16. Nxb3 Nc4 17. Re2 Rfc8 18. N3d2 Na5 19. Ba3 Bxa3 20. Rxa3 Rc7 21.
Nb3 Nc4 22. Ra1 Rac8 23. h4 Qc6 24. Kh2 Qe8 25. Nc5 b6 26. Na6 Rb7 27. Nb4 Qd8
28. g3 g6 29. Nd3 Kg7 30. Nf4 Rbc7 31. Rea2 Na5 32. Ne2 Rc6 33. Nd2 R8c7 34.
Rb2 Bc8 35. Rc1 Ba6 36. Nb1 h6 37. Nf4 Nc4 38. Ra2 Bc8 39. Qf3 Be6 40. Na3 Qd7
41. Rb1 Na5 42. Rc2 Nc4 43. Nxc4 Rxc4 44. Rb5 Rxd4 45. Rcb2 Rxa4 46. Nxd5 Bxd5
47. Rxd5 Qc6 48. Qd1 Rc4 49. Rd6 Qc5 50. Re2 Re4 51. Red2 Qxe5 52. Kg2 Re1 53.
Qb3 Qe4+ 54. f3 Re2+ 55. Rxe2 Qxe2+ 56. Kh3 Qxf3 57. Qb5 Qh1# 0-1

[Event "18.int.Seniorenturnier Bad Woerishofen"]
[Site "Veranstalter: chessorg"]
[Date "2002.03.12"]
[Round "6"]
[White "Disselberger, Alfons"]
[Black "Hennige, Anneliese"]
[Result "1-0"]
[WhiteElo "1391"]
[BlackElo "1144"]
[PlyCount "87"]
[EventDate "2002.03.??"]

1. e4 e5 2. Nf3 d6 3. h3 Nf6 4. Nc3 h6 5. Bc4 Be7 6. O-O O-O 7. d4 Nfd7 8. dxe5
Nxe5 9. Nxe5 9... Nc6 $2 10. Nxc6 bxc6 11. Bf4 Be6 12. Bb3 Rb8 13. Qf3 Qd7 14.
Qg3 Kh8 15. Rfd1 Rg8 16. e5 d5 17. Na4 g5 18. Be3 Ra8 19. Nc5 Qc8 20. Ba4 Bxc5
21. Bxc5 Qe8 22. c3 g4 23. h4 h5 24. Be3 Rg6 25. Bc2 Rg8 26. Bg5 Qf8 27. Bf6+
Rg7 28. Qf4 Kg8 29. Bxg7 Qxg7 30. Qg5 Kf8 31. Qxh5 Ke7 32. Qg5+ Kf8 33. Qxg7+
Kxg7 34. g3 Rb8 35. b3 c5 36. Bd3 c4 37. bxc4 dxc4 38. Be2 Rb5 39. Rd4 Rc5 40.
Bxg4 Rxe5 41. Bxe6 Rxe6 42. Rxc4 Re7 43. a4 a5 44. Rc5 1-0

[Event "18.int.Seniorenturnier Bad Woerishofen"]
[Site "Veranstalter: chessorg"]
[Date "2002.03.12"]
[Round "6"]
[White "Dunkel, Horst_38Memm"]
[Black "Eichinger, Adolf"]
[Result "0-1"]
[WhiteElo "1580"]
[BlackElo "1484"]
[PlyCount "81"]
[EventDate "2002.03.??"]

1. e4 c5 2. f4 d6 3. Nf3 Nc6 4. Bb5 Bd7 5. O-O a6 6. Bxc6 Bxc6 7. d3 g6 8. Nc3
Bg7 9. Rb1 Qb6 10. Kh1 Bxc3 11. Be3 Bg7 12. e5 Nh6 13. d4 Nf5 14. Bg1 O-O 15.
c3 Qa5 16. a3 Qb5 17. d5 Be8 18. Qc2 Qa4 19. b3 Qxf4 20. Nd4 Nxd4 21. cxd4 Qg5
22. dxc5 Bb5 23. Rfe1 Bxe5 24. c6 bxc6 25. a4 cxd5 26. axb5 Rac8 27. Qd3 axb5
28. Qxd5 Rc2 29. Rf1 Bf6 30. Qf3 Rc3 31. Qe2 Rfc8 32. Rb2 Rc1 33. Rb1 R1c2 34.
Qe4 d5 35. h4 dxe4 36. hxg5 Bxg5 37. Bd4 Rc1 38. Rfxc1 Rxc1+ 39. Rxc1 Bxc1 40.
Kg1 f6 41. Kf2 0-1

[Event "18.int.Seniorenturnier Bad Woerishofen"]
[Site "Veranstalter: chessorg"]
[Date "2002.03.12"]
[Round "6"]
[White "Eisenhuth, Mathias"]
[Black "Czeitschner, Roland"]
[Result "1-0"]
[WhiteElo "1695"]
[BlackElo "1821"]
[PlyCount "83"]
[EventDate "2002.03.??"]

1. d4 Nf6 2. c4 g6 3. f3 d5 4. cxd5 Nxd5 5. e4 Nf6 6. Nc3 Bg7 7. Bc4 e6 8. Bg5
h6 9. Be3 c6 10. Qd2 b6 11. Nge2 Bb7 12. O-O Nbd7 13. a4 g5 14. f4 Ng4 15. e5
Nxe3 16. Qxe3 gxf4 17. Qxf4 Rf8 18. Ne4 Qc7 19. Nd6+ Ke7 20. Qg4 Bxe5 21. Rxf7+
Kd8 22. Rxf8+ Nxf8 23. dxe5 b5 24. Qh4+ Kd7 25. axb5 cxb5 26. Bxb5+ Bc6 27.
Bxc6+ Qxc6 28. Qa4 Ng6 29. Qxc6+ Kxc6 30. Nf7 h5 31. Ra6+ Kd5 32. Rd6+ Ke4 33.
Rxe6 Nh4 34. Ng3+ Ke3 35. Rc6 Rb8 36. Rc2 Rb7 37. e6 Re7 38. Re2+ Kd3 39. Kf2
Ng6 40. Re3+ Kc2 41. Nf5 Rb7 42. e7 1-0

[Event "18.int.Seniorenturnier Bad Woerishofen"]
[Site "Veranstalter: chessorg"]
[Date "2002.03.12"]
[Round "6"]
[White "Erler, Klaus_Juergen"]
[Black "Turboust, Roger"]
[Result "1-0"]
[WhiteElo "1677"]
[BlackElo "1752"]
[PlyCount "103"]
[EventDate "2002.03.??"]

1. c4 e5 2. Nc3 Nf6 3. Nf3 d6 4. d3 Be7 5. g3 c6 6. Bg2 Bd7 7. O-O Qc8 8. Bd2
Bh3 9. a3 Bxg2 10. Kxg2 h6 11. b4 Nbd7 12. Qc2 O-O 13. Nh4 Rd8 14. Nf5 Bf8 15.
e4 Kh7 16. Qc1 Ng8 17. Qd1 Ndf6 18. h3 d5 19. Qe2 dxc4 20. dxc4 Qe6 21. Rad1 g6
22. Nh4 Rd7 23. Bc1 Rad8 24. Rxd7 Rxd7 25. Rd1 Rd4 26. c5 Rxd1 27. Qxd1 Be7 28.
Nf3 Nh5 29. Qd3 Ngf6 30. Nd2 a5 31. Nc4 axb4 32. axb4 Ne8 33. Na4 Nhf6 34. Nab6
Kg7 35. Bb2 Ng8 36. Bxe5+ f6 37. Bb2 Nc7 38. f3 Nb5 39. Qd7 Qxd7 40. Nxd7 Bd8
41. e5 fxe5 42. Ncxe5 Nc7 43. Nxc6+ Bf6 44. Nce5 Nd5 45. Nxf6 Ne3+ 46. Kg1 Ne7
47. Nfd7 Nd1 48. Ba1 Nd5 49. b5 Kh7 50. c6 bxc6 51. Nxc6 Nc7 52. b6 1-0

[Event "18.int.Seniorenturnier Bad Woerishofen"]
[Site "Veranstalter: chessorg"]
[Date "2002.03.12"]
[Round "6"]
[White "Escher, Helmut"]
[Black "Villing, Dieter"]
[Result "0-1"]
[WhiteElo "1981"]
[BlackElo "2084"]
[PlyCount "88"]
[EventDate "2002.03.??"]

1. d4 Nf6 2. c4 d6 3. Nc3 e5 4. dxe5 dxe5 5. Qxd8+ Kxd8 6. Nf3 Nfd7 7. a3 a5 8.
e4 f6 9. Be3 Na6 10. Be2 Bc5 11. Bxc5 Naxc5 12. Nd2 Ne6 13. O-O-O c6 14. Bg4
Nd4 15. Nf3 Nxf3 16. Bxf3 Kc7 17. b3 Nc5 18. Kb2 Be6 19. Be2 Rhd8 20. f3 Bf7
21. Rxd8 Rxd8 22. Rd1 Rxd1 23. Bxd1 Nd3+ 24. Kb1 Ne1 25. g3 Bh5 26. g4 Bf7 27.
Kc1 Nd3+ 28. Kd2 Nc5 29. a4 Ne6 30. Ne2 Kd6 31. Kc3 b6 32. Ng3 g6 33. Ne2 Ng5
34. Nc1 Be8 35. Be2 Ne6 36. Bd1 Nd4 37. Nd3 Bd7 38. b4 axb4+ 39. Nxb4 h5 40.
gxh5 gxh5 41. f4 Bg4 42. fxe5+ fxe5 43. Bxg4 hxg4 44. Nd3 Nf3 0-1

[Event "18.int.Seniorenturnier Bad Woerishofen"]
[Site "Veranstalter: chessorg"]
[Date "2002.03.12"]
[Round "6"]
[White "Fels, Karl_Heinz"]
[Black "Wohlfart, Karl_Heinz"]
[Result "1-0"]
[WhiteElo "1838"]
[BlackElo "1699"]
[PlyCount "171"]
[EventDate "2002.03.??"]

1. e4 d6 2. d4 Nf6 3. Nc3 c6 4. f3 Nbd7 5. Be3 e5 6. Nge2 Be7 7. Qd2 Qc7 8. g4
h6 9. O-O-O b5 10. Ng3 Nb6 11. Nf5 Bxf5 12. gxf5 Nc4 13. Bxc4 bxc4 14. dxe5
dxe5 15. Qe2 Rb8 16. Qxc4 Rb7 17. Qa4 O-O 18. Rhg1 Kh7 19. Rg2 a5 20. a3 Rfb8
21. b3 Bf8 22. Nb1 Rb5 23. Qc4 a4 24. Qxa4 Ra5 25. Qc4 Rba8 26. a4 Rb8 27. Rdg1
Nh5 28. Qc3 c5 29. Nd2 c4 30. Qxc4 Qe7 31. Kd1 Rb4 32. Qc6 Rb7 33. Nc4 Rd7+ 34.
Rd2 Rxd2+ 35. Bxd2 Rc5 36. Qa6 Rc7 37. Ke2 Rd7 38. Be3 Nf4+ 39. Bxf4 exf4 40.
Qc6 Rc7 41. Qd5 Rd7 42. Qe5 Qh4 43. Rg2 Qh3 44. Rf2 Qh4 45. Nb6 Rd2+ 46. Kxd2
Qxf2+ 47. Kc3 Qxb6 48. Qxf4 Bb4+ 49. Kd3 Qf2 50. e5 Qf1+ 51. Kd4 Qd1+ 52. Kc4
Be7 53. Qe4 Kg8 54. c3 Qd7 55. e6 Qc7+ 56. Kd3 fxe6 57. Qxe6+ Kh7 58. b4 Bf6
59. c4 Qb7 60. c5 Qxf3+ 61. Kc4 Qc3+ 62. Kb5 Qd3+ 63. Qc4 Qd7+ 64. c6 Qc7 65.
a5 Bd8 66. Qe6 Qb8+ 67. Ka4 Qc7 68. Qd7 Qb8 69. a6 Qb6 70. Qb7 Qf2 71. Qd7 Qa2+
72. Kb5 Qe2+ 73. Kc5 Be7+ 74. Kb6 Bxb4 75. a7 Qa2 76. Kb7 Bc5 77. Kb8 Qb3+ 78.
Kc8 Qa2 79. Kb8 Qg8+ 80. Qc8 Qb3+ 81. Ka8 Qb6 82. Qb7 Qd8+ 83. Qb8 Qa5 84. c7
Bd6 85. c8=Q Bxb8 86. Kxb8 1-0

[Event "18.int.Seniorenturnier Bad Woerishofen"]
[Site "Veranstalter: chessorg"]
[Date "2002.03.12"]
[Round "6"]
[White "Gestrich, Wolfgang_ProfDr"]
[Black "Harke, Horst"]
[Result "1-0"]
[WhiteElo "1595"]
[BlackElo "1755"]
[PlyCount "169"]
[EventDate "2002.03.??"]

1. c4 Nf6 2. Nc3 e6 3. e4 Bb4 4. d3 d6 5. a3 Bxc3+ 6. bxc3 O-O 7. g3 h6 8. Bg2
e5 9. h3 c6 10. Rb1 Qa5 11. Ne2 Re8 12. Qb3 Na6 13. Be3 Nd7 14. O-O Ndc5 15.
Qc2 Qxa3 16. Ra1 Qb3 17. Qd2 Qb6 18. Rab1 Qd8 19. f4 exf4 20. Bxf4 Ne6 21. Be3
Ng5 22. Kh2 Nc7 23. h4 Nh7 24. Rf2 Qe7 25. Rbf1 Nf6 26. Rxf6 gxf6 27. Bxh6 Kh7
28. Nd4 Rg8 29. Nf5 Bxf5 30. Rxf5 Rg6 31. Rh5 Kg8 32. Bh3 Ne6 33. Bf5 Qe8 34.
Bxg6 fxg6 35. Ra5 g5 36. hxg5 Qh5+ 37. Kg2 Kh7 38. Qf2 fxg5 39. Qf5+ Qg6 40.
Bxg5 Qxf5 41. Rxf5 a5 42. Bf4 Nxf4+ 43. gxf4 a4 44. Rf7+ Kg6 45. Rxb7 a3 46.
Rb1 a2 47. Ra1 Kf6 48. Kf3 c5 49. Ke3 Ra3 50. Kd2 Ra8 51. Kc2 Ke6 52. Kb2 Rf8
53. f5+ Ke5 54. Rxa2 Rh8 55. Kb3 Kf4 56. Ra6 Ke5 57. Ra7 Rb8+ 58. Kc2 Kf6 59.
Rd7 Rb6 60. Rd8 Ke7 61. Rh8 Ra6 62. Rh7+ Kf8 63. Rh6 Kf7 64. Re6 Kf8 65. e5
Ra2+ 66. Kb1 Rf2 67. f6 Re2 68. Rxd6 Rxe5 69. Rd5 Re3 70. Kc2 Rf3 71. Rxc5 Rxf6
72. Rc8+ Ke7 73. d4 Kd7 74. Rh8 Kd6 75. Kb3 Rf1 76. c5+ Kd5 77. Rd8+ Kc6 78.
Kc4 Kc7 79. Rd6 Rf2 80. Rb6 Rf1 81. d5 Rc1 82. d6+ Kc8 83. c6 Rd1 84. d7+ Kc7
85. Kc5 1-0

[Event "18.int.Seniorenturnier Bad Woerishofen"]
[Site "Veranstalter: chessorg"]
[Date "2002.03.12"]
[Round "6"]
[White "Girod, Gudrun"]
[Black "Winkler, Hans"]
[Result "0-1"]
[WhiteElo "1387"]
[BlackElo "1668"]
[PlyCount "71"]
[EventDate "2002.03.??"]

1. d4 Nf6 2. Nf3 g6 3. e3 Bg7 4. Nc3 d5 5. h3 O-O 6. Be2 b6 7. O-O Bb7 8. Bd2
Nbd7 9. Nh2 c5 10. Bf3 Re8 11. dxc5 Nxc5 12. b4 Nce4 13. Be2 Nxd2 14. Qxd2 Ne4
15. Nxe4 Bxa1 16. Ng3 Bg7 17. Nf3 e6 18. c3 Rc8 19. Bb5 Bxc3 20. Qd3 Re7 21. --
Bg7 22. Rd1 Rec7 23. Ba6 Rc3 24. Qb5 Qe7 25. Bxb7 Qxb7 26. a4 a6 27. Qe2 Rc2
28. Rd2 Rxd2 29. Nxd2 Bc3 30. b5 axb5 31. axb5 Qc7 32. Nb3 Be5 33. f4 Qc2 34.
Nd4 Bxd4 35. Qxc2 Rxc2 36. exd4 0-1

[Event "18.int.Seniorenturnier Bad Woerishofen"]
[Site "Veranstalter: chessorg"]
[Date "2002.03.12"]
[Round "6"]
[White "Gudat, Alfons"]
[Black "Kahler, Kurt"]
[Result "1-0"]
[WhiteElo "1968"]
[BlackElo "1727"]
[PlyCount "43"]
[EventDate "2002.03.??"]

1. e4 c5 2. Nf3 Nc6 3. Bb5 Nd4 4. Nxd4 cxd4 5. O-O a6 6. Bc4 b5 7. Bxf7+ Kxf7
8. Qh5+ g6 9. Qd5+ e6 10. Qxa8 Ne7 11. a4 Qc7 12. axb5 Bb7 13. Qa7 Nc8 14. Qxd4
Bg7 15. Qe3 Be5 16. d4 Bxh2+ 17. Kh1 Bd6 18. bxa6 Ba8 19. Nc3 Qc4 20. Qd3 Qc6
21. d5 Qc5 22. Be3 1-0

[Event "18.int.Seniorenturnier Bad Woerishofen"]
[Site "Veranstalter: chessorg"]
[Date "2002.03.12"]
[Round "6"]
[White "Hoeppner, Hans_18Nog"]
[Black "Wolf, Margot"]
[Result "1-0"]
[WhiteElo "1599"]
[BlackElo "1221"]
[PlyCount "41"]
[EventDate "2002.03.??"]

1. e3 d5 2. Ne2 e5 3. Ng3 Nf6 4. Nh5 Bg4 5. Nxf6+ Qxf6 6. Qxg4 Be7 7. Qc8+ Bd8
8. Qxb7 Qc6 9. Bb5 Qxb5 10. Qxb5+ c6 11. Qb7 Bb6 12. Qxa8 Ke7 13. f4 Nd7 14.
Qxc6 d4 15. a4 Bc5 16. exd4 Bxd4 17. c3 Bc5 18. d4 exd4 19. Qe4+ Kd8 20. Qa8+
Nb8 21. Qxb8+ 1-0

[Event "18.int.Seniorenturnier Bad Woerishofen"]
[Site "Veranstalter: chessorg"]
[Date "2002.03.12"]
[Round "6"]
[White "Krueger, Manfred_34Nied"]
[Black "Duer, Maria"]
[Result "1-0"]
[WhiteElo "1446"]
[BlackElo "1783"]
[PlyCount "135"]
[EventDate "2002.03.??"]

1. e4 d5 2. exd5 Qxd5 3. Nc3 Qa5 4. d3 c6 5. g3 Nf6 6. Bg2 Bf5 7. Nf3 e6 8. Bd2
Qc7 9. h3 h6 10. Qe2 Bd6 11. O-O-O Nbd7 12. Ne4 Nxe4 13. dxe4 Bh7 14. Bc3 O-O
15. Qd3 Nc5 16. Qxd6 Qxd6 17. Rxd6 Nxe4 18. Rd7 Nxf2 19. Rf1 Ne4 20. Bb4 Nxg3
21. Bxf8 Nxf1 22. Bxf1 Kxf8 23. Rxb7 Be4 24. Ne5 f6 25. Nd7+ Kg8 26. Nc5 Bf3
27. Nxe6 Re8 28. Bc4 Bd5 29. Bxd5 cxd5 30. Nxg7 Re3 31. Nh5 Rf3 32. Rxa7 Rf5
33. Ng3 Rf3 34. Nh5 Rf5 35. Ng3 Rf3 36. Ra3 Rf2 37. Rd3 Rg2 38. Nf5 Kh7 39.
Rxd5 Rg1+ 40. Kd2 Rh1 41. Rd3 Rh2+ 42. Kc3 h5 43. Ne7 Re2 44. Nf5 Kg6 45. Nd4
Rg2 46. Rf3 Rg1 47. Ne2 Re1 48. Re3 Rf1 49. a4 f5 50. Rg3+ Kf6 51. Nd4 Ra1 52.
b3 f4 53. Rf3 Ke5 54. Kd3 Rd1+ 55. Ke2 Rxd4 56. c3 Rd7 57. a5 Ke4 58. b4 Rd2+
59. Kxd2 Kxf3 60. a6 Kg2 61. a7 f3 62. a8=Q Kg3 63. Ke3 Kxh3 64. Qxf3+ Kh4 65.
b5 Kg5 66. b6 h4 67. b7 h3 68. b8=Q 1-0